| 000 | 00861cam a22002411 4500 | ||
|---|---|---|---|
| 082 | 0 | 0 |
_a940.542145 _bJAC _cL-30 -II, P-9 |
| 100 | 1 |
_aJackson, W. G. F. _948651 |
|
| 245 | 1 | 4 |
_aThe battle for Italy _c[by] W. G. F. Jackson. |
| 260 |
_aNew York, _bHarper & Row _c[1967] |
||
| 300 |
_a372 p. _billus., maps, ports. _c25 cm. |
||
| 526 |
_a0 _b0 _c0 _d940_542145000000000_JAC |
||
| 526 |
_a0 _b0 _c0 _d940_542145000000000_JAC |
||
| 526 |
_a0 _b0 _c0 _d940_542145000000000_JAC |
||
| 526 |
_a0 _b0 _c0 _d940_542145000000000_JAC |
||
| 526 |
_a0 _b0 _c0 _d940_542145000000000_JAC |
||
| 526 |
_a0 _b0 _c0 _d940_542145000000000_JAC |
||
| 526 |
_a0 _b0 _c0 _d940_542145000000000_JAC |
||
| 526 |
_a0 _b0 _c0 _d940_542145000000000_JAC |
||
| 526 |
_a0 _b0 _c0 _d940_542145000000000_JAC |
||
| 650 | 0 |
_aMCE. _9379 |
|
| 650 | 0 |
_aWorld War, 1939-1945 _xCampaigns _zItaly. _912837 |
|
| 942 |
_2ddc _cBK |
||
| 999 |
_c551700 _d551700 |
||